00358nam a2200145Ia 4500003000400000005001700004008004100021040000900062082001800071100002300089245005000112260003100162300000800193650001100201OSt20210914111501.0190216s9999||||xx |||||||||||||| ||und|| coclc a892.73bNUS/K aNusri, Abdul Wahab 0aQisasun Fukahiyyah /c Abdul Wahab Al Nasree bArab Net,aCalicut:c2004. a63p aArabic